000 00879nam a2200253Ia 4500
003 OSt
005 20220923215316.0
006 a|||||r|||| 00| 0
007 ta
008 220922b |||||||| |||| 00| 0 hin d
024 _a177,637
037 _cTextual
040 _aARTS
_cARTS
_bhin
041 _2hin
_ahin
082 _aO152,1:g(P:75), N3
100 _aकपूर, आशा
245 0 _aरस तत्व और ध्वनि तत्व
_b सैद्धान्तिक अध्ययन
246 _aRas tatva aur dhvani tatva: saiddhāntik adhyayana
260 _aकानपुर
_b साहित्य निकेतन
_c1993
300 _a275 पृ.
_ccm.
650 _aहिन्दी साहित्य
_9156264
942 _hO152,1:g(P:75), N3
_cTEXL
_2CC
999 _c331025
_d331025